[Event "TCh-GEO Club 2014"]
[Site "Ureki GEO"]
[Date "2014.09.28"]
[Round "2.3"]
[White "Patsia, Zviad"]
[Black "Shanava, Konstantine"]
[Result "1-0"]
[BlackTitle "GM"]
[WhiteElo "2119"]
[BlackElo "2550"]
[WhiteTeam "Chess Club Samegrelo"]
[BlackTeam "Chess Club Tbilisi"]
[WhiteFideId "13603485"]
[BlackFideId "13601784"]
[EventDate "2014.09.27"]

1. c4 e5 2. Nc3 Nc6 3. g3 f5 4. Bg2 d6 5. d3 Nf6 6. Nf3 h6 7. O-O g5 8. e4 f4 9.
d4 Bg4 10. d5 Nd4 11. Qd3 Nxf3+ 12. Bxf3 h5 13. Bxg4 hxg4 14. gxf4 gxf4 15. Bxf4
Nh7 16. Bg3 Ng5 17. f4 Nh3+ 18. Kg2 Nxf4+ 19. Bxf4 exf4 20. Rxf4 Bg7 21. e5 Qh4
22. Qg6+ Kd8 23. Rh1 Bxe5 24. Rf7 Qh3+ 25. Kf2 g3+ 26. hxg3 Bd4+ 27. Ke2 Re8+
28. Kd3 Qxh1 29. Qf5 Re3+ 30. Kxd4 Re7 31. Rf8+ Re8 32. Qf6+ Kd7 33. Qf7+ 1-0

[Event "TCh-GEO Club 2014"]
[Site "Ureki GEO"]
[Date "2014.09.28"]
[Round "2.3"]
[White "Gvetadze, Sofio"]
[Black "Bokuchava, Madona"]
[Result "1-0"]
[WhiteTitle "IM"]
[BlackTitle "WFM"]
[WhiteElo "2361"]
[BlackElo "2003"]
[WhiteTeam "Chess Club Tbilisi"]
[BlackTeam "Chess Club Samegrelo"]
[WhiteFideId "13601440"]
[BlackFideId "13603663"]
[EventDate "2014.09.27"]

1. Nf3 f5 2. g3 Nf6 3. Bg2 e6 4. O-O d5 5. c4 c6 6. b3 Bd6 7. Ba3 Bxa3 8. Nxa3
Qe7 9. Qc1 O-O 10. Qb2 Bd7 11. Ne5 Be8 12. b4 Bh5 13. e3 Nbd7 14. d4 Ng4 15. Nd3
g5 16. Rfe1 Bg6 17. f4 h6 18. Rac1 Rac8 19. Nb1 Ngf6 20. Nd2 g4 21. Rc2 Ne4 22.
Nxe4 fxe4 23. Nf2 h5 24. Rec1 Nb6 25. Bf1 a6 26. b5 cxb5 27. cxb5 a5 28. Rxc8
Rxc8 29. Rxc8+ Nxc8 30. Qc3 Qd8 31. Qc5 Be8 32. h3 b6 33. Qc2 gxh3 34. Bxh3 Bd7
35. g4 Qe8 36. gxh5 Qxh5 37. Qc7 Qe8 38. Ng4 Kf7 39. Ne5+ Ke7 40. f5 exf5 41.
Bxf5 Qg8+ 42. Kf2 1-0

[Event "TCh-GEO Club 2014"]
[Site "Ureki GEO"]
[Date "2014.09.28"]
[Round "2.3"]
[White "Ghvamberia, Nika"]
[Black "Khomeriki, Nino"]
[Result "0-1"]
[BlackTitle "WFM"]
[WhiteElo "2105"]
[BlackElo "2158"]
[WhiteTeam "Chess Club Samegrelo"]
[BlackTeam "Chess Club Tbilisi"]
[WhiteFideId "13602128"]
[BlackFideId "13603191"]
[EventDate "2014.09.27"]

1. e4 e6 2. d4 d5 3. Nc3 Bb4 4. e5 c5 5. a3 Bxc3+ 6. bxc3 Ne7 7. Qg4 Qc7 8. Bd3
Nbc6 9. Nf3 Bd7 10. O-O c4 11. Be2 O-O 12. Bg5 Kh8 13. Qh5 f6 14. Bf4 Be8 15.
Qh3 Qd7 16. Bg3 Bg6 17. Ra2 Be4 18. exf6 gxf6 19. Nd2 Bf5 20. Qh6 Ng8 21. Qe3
Qf7 22. Re1 Nge7 23. Bd1 Rg8 24. Nf3 Rae8 25. Nh4 Be4 26. Qh6 Rg5 27. Nf3 Bxf3
28. Bxf3 Nf5 29. Qh3 e5 30. dxe5 fxe5 31. Bh4 Nxh4 32. Qxh4 Reg8 33. Kh1 e4 0-1

[Event "TCh-GEO Club 2014"]
[Site "Ureki GEO"]
[Date "2014.09.28"]
[Round "2.4"]
[White "Morchiashvili, Bachana"]
[Black "Azaladze, Shota"]
[Result "1/2-1/2"]
[WhiteTitle "IM"]
[BlackTitle "IM"]
[WhiteElo "2327"]
[BlackElo "2498"]
[WhiteTeam "Chess Club Gori"]
[BlackTeam "Chess Club Kutaisi"]
[WhiteFideId "13602535"]
[BlackFideId "13603027"]
[EventDate "2014.09.27"]

1. d4 d6 2. Nf3 g6 3. c4 Bg7 4. Nc3 e5 5. g3 Ne7 6. dxe5 dxe5 7. Qxd8+ Kxd8 8.
Bd2 Na6 9. Bg2 Ke8 10. O-O f6 11. Rac1 Kf7 12. Rfd1 Rd8 13. a3 Be6 14. Ne4 h6
15. b4 Bf5 16. Ne1 Rd4 17. e3 Rdd8 18. Bc3 Bg4 19. Rxd8 Rxd8 20. b5 Nb8 21. Bb4
Bc8 22. Nc3 c6 23. Bc5 Be6 24. Ne4 Nc8 25. Bb4 b6 26. c5 cxb5 27. cxb6 axb6 28.
Bf1 1/2-1/2

[Event "TCh-GEO Club 2014"]
[Site "Ureki GEO"]
[Date "2014.09.28"]
[Round "2.4"]
[White "Managadze, Nikoloz"]
[Black "Khakhutashvili, Alexandre"]
[Result "1-0"]
[WhiteTitle "IM"]
[WhiteElo "2458"]
[BlackElo "1809"]
[WhiteTeam "Chess Club Kutaisi"]
[BlackTeam "Chess Club Gori"]
[WhiteFideId "13600575"]
[BlackFideId "13605313"]
[EventDate "2014.09.27"]

1. e4 c5 2. Nf3 Nc6 3. Bb5 g6 4. O-O Bg7 5. c3 Nf6 6. Re1 O-O 7. h3 Qc7 8. d4
cxd4 9. cxd4 d5 10. e5 Ne4 11. a3 f5 12. exf6 Bxf6 13. Qb3 e6 14. Bxc6 bxc6 15.
Nc3 Rb8 16. Qc2 Nxc3 17. Qxc3 Bd7 18. b4 Qd6 19. Bh6 Rf7 20. Ra2 Rb6 21. Rae2
Bc8 22. Qc1 Bd7 23. Bf4 Qf8 24. Be5 Ra6 25. Bxf6 Rxf6 26. Ne5 Qd6 27. Qg5 Kg7
28. Re3 Bc8 29. Rc1 Rf5 30. Qg3 Rb6 31. Rc5 Rf8 32. Rec3 Bb7 33. Nxc6 Qf4 34.
Ne5 Qxd4 35. Rc7+ Kh8 36. Rxh7+ Kxh7 37. Rc7+ Kh8 38. Nxg6+ Kg8 39. Ne5+ 1-0

[Event "TCh-GEO Club 2014"]
[Site "Ureki GEO"]
[Date "2014.09.28"]
[Round "2.4"]
[White "Dotiashvili, Vasil"]
[Black "Javakhadze, Zurab"]
[Result "0-1"]
[BlackTitle "IM"]
[WhiteElo "1800"]
[BlackElo "2423"]
[WhiteTeam "Chess Club Gori"]
[BlackTeam "Chess Club Kutaisi"]
[WhiteFideId "13606085"]
[BlackFideId "13603647"]
[EventDate "2014.09.27"]

1. e4 c5 2. Nf3 d6 3. d4 cxd4 4. Nxd4 Nf6 5. Nc3 g6 6. Be2 Bg7 7. Be3 Nc6 8. Qd2
Ng4 9. Bxg4 Bxg4 10. f3 Bd7 11. Nxc6 bxc6 12. Bd4 f6 13. Be3 h5 14. Qd3 Qa5 15.
O-O Be6 16. Ne2 Bf7 17. Kh1 d5 18. Nd4 Rc8 19. Nb3 Qc7 20. c3 O-O 21. Rfe1 e5
22. Qa6 Ra8 23. Bc5 Rfb8 24. Na5 Rxb2 25. Nxc6 dxe4 26. fxe4 Kh7 27. Bb4 Qd7 28.
Red1 Qg4 29. Rg1 Qxe4 30. Rae1 Qg4 31. Ne7 Rd8 32. Qb7 a5 33. Re4 Qe6 34. Nc6
Rd7 35. Qc8 axb4 0-1

[Event "TCh-GEO Club 2014"]
[Site "Ureki GEO"]
[Date "2014.09.28"]
[Round "2.4"]
[White "Arabidze, Meri"]
[Black "Kasoshvili, Tsiala"]
[Result "1-0"]
[WhiteTitle "IM"]
[BlackTitle "WIM"]
[WhiteElo "2411"]
[BlackElo "2161"]
[WhiteTeam "Chess Club Kutaisi"]
[BlackTeam "Chess Club Gori"]
[WhiteFideId "13604040"]
[BlackFideId "13600354"]
[EventDate "2014.09.27"]

1. d4 Nf6 2. c4 e6 3. Nf3 b6 4. a3 Bb7 5. Nc3 d6 6. d5 e5 7. e4 g6 8. Bd3 Bg7 9.
O-O O-O 10. b4 Nbd7 11. Qc2 h6 12. Nd2 Nh5 13. g3 Bf6 14. Nb3 Bg5 15. c5 dxc5
16. bxc5 c6 17. cxb6 axb6 18. dxc6 Bxc6 19. Nb5 Nc5 20. Nxc5 bxc5 21. Bb2 Qe7
22. a4 Rfc8 23. Bc4 Ng7 24. f4 exf4 25. Qc3 Qf8 26. gxf4 Bd8 27. Nd6 Rc7 28. f5
g5 29. a5 Kh7 30. e5 f6 31. Rad1 Nh5 32. e6 Rca7 33. a6 Nf4 34. Rf2 Rb8 35. Rfd2
Ba4 36. Ra1 Bc6 37. Ba3 Bb6 38. Nf7 Qe7 39. Bb2 Kg7 40. Ne5 Be8 41. Ng4 Nh5 42.
Rad1 Bc7 43. Qh3 Bd8 44. Bc3 Kf8 45. Ne3 Qc7 46. Nd5 Qg7 47. Rg2 Rc8 48. Rb1 Qh7
49. Qg4 Rg7 50. h3 Ra7 51. Rgb2 Ng7 52. Rb7 Raa8 1-0

[Event "TCh-GEO Club 2014"]
[Site "Ureki GEO"]
[Date "2014.09.28"]
[Round "2.4"]
[White "Licheli, Luka"]
[Black "Tutisani, Noe"]
[Result "1/2-1/2"]
[WhiteElo "1925"]
[BlackElo "2259"]
[WhiteTeam "Chess Club Gori"]
[BlackTeam "Chess Club Kutaisi"]
[WhiteFideId "13602500"]
[BlackFideId "13602853"]
[EventDate "2014.09.27"]

1. e4 e6 2. d3 d5 3. Nd2 c5 4. g3 Nc6 5. Bg2 Nf6 6. Ngf3 g6 7. O-O Bg7 8. c3 O-O
9. e5 Nd7 10. d4 cxd4 11. cxd4 a5 12. a4 b6 13. Re1 Ba6 14. Nb1 b5 15. axb5 Bxb5
16. Nc3 Ba6 17. h4 Nb4 18. Bg5 Qc7 19. Bf1 Bxf1 20. Rxf1 Nb6 21. Nh2 Qc4 22. Ra3
Rfb8 23. Ne2 Qc2 24. Qxc2 Nxc2 25. Rc3 Rc8 26. Bd2 Rxc3 27. Bxc3 Na4 28. Rc1
Nxc3 29. Rxc2 Nxe2+ 30. Rxe2 Rc8 31. g4 h6 32. g5 h5 33. Nf1 Bf8 34. Ne3 Rc1+
35. Kg2 Bb4 36. Rc2 Rxc2 37. Nxc2 Bd2 38. b3 Kf8 39. Kf3 Bc1 40. Ke2 Ke7 41. Kd3
Bb2 42. Ke2 Kd7 43. Kd3 Kc6 44. Ne3 Kb6 45. Nd1 Ba1 46. Ne3 Kb5 47. Nc2 Bb2 48.
Ke2 a4 49. bxa4+ Kxa4 50. Kd3 Kb3 51. Ne3 Bc3 52. Nd1 Bb4 53. Ne3 Kb2 54. Nd1+
Kc1 55. Nc3 Bxc3 56. Kxc3 Kd1 57. Kd3 1/2-1/2

[Event "TCh-GEO Club 2014"]
[Site "Ureki GEO"]
[Date "2014.09.29"]
[Round "3.1"]
[White "Azaladze, Shota"]
[Black "Gelashvili, Tamaz"]
[Result "0-1"]
[WhiteTitle "IM"]
[BlackTitle "GM"]
[WhiteElo "2498"]
[BlackElo "2565"]
[WhiteTeam "Chess Club Kutaisi"]
[BlackTeam "Chess Club Rustavi"]
[WhiteFideId "13603027"]
[BlackFideId "13600702"]
[EventDate "2014.09.27"]

1. Nf3 Nf6 2. g3 b5 3. Bg2 Bb7 4. b3 c5 5. c4 b4 6. Bb2 e6 7. O-O Be7 8. d3 O-O
9. e4 d6 10. Nbd2 Nc6 11. d4 cxd4 12. Nxd4 Nxd4 13. Bxd4 Nd7 14. Qe2 a5 15. f4
a4 16. Nf3 Qc7 17. Bf2 e5 18. f5 Nc5 19. Bxc5 Qxc5+ 20. Kh1 Ra5 21. h4 axb3 22.
axb3 Rfa8 23. Rxa5 Rxa5 24. Ng5 h6 25. Qh5 hxg5 26. hxg5 Ra8 27. Qh4 Qe3 28. f6
gxf6 29. gxf6 Bf8 30. Rf4 Bh6 31. Qg4+ Kf8 32. Qh4 exf4 33. Qxh6+ Ke8 0-1

[Event "TCh-GEO Club 2014"]
[Site "Ureki GEO"]
[Date "2014.09.29"]
[Round "3.1"]
[White "Pantsulaia, Levan"]
[Black "Managadze, Nikoloz"]
[Result "1/2-1/2"]
[WhiteTitle "GM"]
[BlackTitle "IM"]
[WhiteElo "2590"]
[BlackElo "2458"]
[WhiteTeam "Chess Club Rustavi"]
[BlackTeam "Chess Club Kutaisi"]
[WhiteFideId "13602071"]
[BlackFideId "13600575"]
[EventDate "2014.09.27"]

1. Nf3 d5 2. g3 Nf6 3. Bg2 e6 4. O-O Be7 5. c4 O-O 6. b3 c5 7. Bb2 Nc6 8. e3 b6
9. Nc3 Bb7 10. cxd5 Nxd5 11. Nxd5 exd5 12. d4 Qd7 13. Qd2 Rfd8 14. Rfd1 a5 15.
a4 Qe6 16. Rac1 h6 17. Ba3 Nb4 18. Ne5 Rac8 19. h4 Bd6 20. Bxb4 cxb4 21. Nd3
Rxc1 22. Rxc1 Rc8 23. Rc2 Rc7 24. Qc1 Rxc2 1/2-1/2

[Event "TCh-GEO Club 2014"]
[Site "Ureki GEO"]
[Date "2014.09.29"]
[Round "3.1"]
[White "Javakhadze, Zurab"]
[Black "Paichadze, Luka"]
[Result "1/2-1/2"]
[WhiteTitle "IM"]
[BlackTitle "GM"]
[WhiteElo "2423"]
[BlackElo "2543"]
[WhiteTeam "Chess Club Kutaisi"]
[BlackTeam "Chess Club Rustavi"]
[WhiteFideId "13603647"]
[BlackFideId "13602934"]
[EventDate "2014.09.27"]

1. d4 Nf6 2. c4 e6 3. Nf3 b6 4. g3 Ba6 5. Nbd2 Bb7 6. Bg2 c5 7. O-O cxd4 8. Nxd4
Bxg2 9. Kxg2 Nc6 10. Nxc6 dxc6 11. Qc2 Be7 12. b3 O-O 13. Bb2 Qc7 14. Ne4 Rfd8
15. Nxf6+ Bxf6 16. Bxf6 gxf6 17. c5 Rd5 18. cxb6 axb6 19. Rfd1 Rad8 20. a4 c5
21. Rxd5 Rxd5 22. Rd1 Rxd1 23. Qxd1 c4 24. bxc4 Qxc4 25. Qd8+ Kg7 26. Qxb6 Qxa4 1/2-1/2

[Event "TCh-GEO Club 2014"]
[Site "Ureki GEO"]
[Date "2014.09.29"]
[Round "3.1"]
[White "Khurtsidze, Nino"]
[Black "Arabidze, Meri"]
[Result "1/2-1/2"]
[WhiteTitle "IM"]
[BlackTitle "IM"]
[WhiteElo "2467"]
[BlackElo "2411"]
[WhiteTeam "Chess Club Rustavi"]
[BlackTeam "Chess Club Kutaisi"]
[WhiteFideId "13600320"]
[BlackFideId "13604040"]
[EventDate "2014.09.27"]

1. d4 Nf6 2. c4 e6 3. Nc3 Bb4 4. e3 c5 5. Ne2 cxd4 6. exd4 d5 7. a3 Be7 8. Nf4
O-O 9. cxd5 Nxd5 10. Ncxd5 exd5 11. Bd3 Bf6 12. O-O Nc6 13. Be3 g6 14. Rc1 Qd6
15. Rc5 Be6 16. Nxe6 fxe6 17. Qg4 Bg7 18. Rc2 Rf7 19. h4 e5 20. dxe5 Nxe5 21.
Qg3 Qd7 22. Be2 Qf5 23. Rfc1 h5 24. Rd2 Ng4 25. Rcd1 Be5 26. Qf3 Nxe3 27. fxe3
Qe6 28. Qxd5 Qxd5 29. Rxd5 Re7 30. b3 Bf6 31. Rd6 Kg7 32. Rd7 Bxh4 33. Rxe7+
Bxe7 34. Rd7 Kf6 35. b4 a5 36. Rxb7 axb4 37. axb4 Ra4 38. Rb6+ Kf7 39. Bd3 g5
40. Bg6+ Kg7 41. Bxh5 Rxb4 42. Re6 Bf6 43. Kf2 Rb5 44. Kf3 Re5 45. Rc6 Be7 46.
Bg4 Rc5 47. Ra6 Kf7 48. Be6+ Kg7 49. e4 Bd8 50. Bd5 Bc7 51. Re6 Bf4 52. Kg4 Rc2
53. Kf5 Rxg2 54. Rg6+ Kh7 55. Bg8+ Kh8 56. e5 Rf2 57. e6 Bd6+ 58. Ke4 Be7 59.
Bf7 Kh7 60. Rg8 Ra2 61. Re8 Ra7 62. Kf5 Ra5+ 63. Kg4 Ra4+ 64. Kf5 Ra5+ 65. Ke4
Ra7 1/2-1/2

[Event "TCh-GEO Club 2014"]
[Site "Ureki GEO"]
[Date "2014.09.29"]
[Round "3.1"]
[White "Tutisani, Noe"]
[Black "Beradze, Irakli"]
[Result "1/2-1/2"]
[WhiteElo "2259"]
[BlackElo "2326"]
[WhiteTeam "Chess Club Kutaisi"]
[BlackTeam "Chess Club Rustavi"]
[WhiteFideId "13602853"]
[BlackFideId "13604597"]
[EventDate "2014.09.27"]

1. e4 c5 2. Nf3 Nf6 3. Nc3 d5 4. e5 Ne4 5. Bb5+ Nc6 6. O-O Nxc3 7. dxc3 e6 8.
Bg5 Qc7 9. c4 d4 10. c3 h6 11. Bh4 g5 12. cxd4 gxh4 13. d5 a6 14. Ba4 exd5 15.
cxd5 b5 16. Bc2 Bg4 17. dxc6 Qxc6 18. Qe2 Bxf3 19. gxf3 Rd8 20. Rfd1 Be7 21.
Rxd8+ Kxd8 22. a4 Rg8+ 23. Kh1 b4 24. Bf5 Kc7 25. b3 Rd8 26. Rd1 Rd4 27. Kg2 a5
28. Rxd4 cxd4 29. Qc2 Qxc2 30. Bxc2 Bg5 31. Kh3 Bf4 32. Kg4 Bxh2 33. f4 h3 34.
Bd3 Kd8 35. Be4 h5+ 36. Kxh3 Bxf4 37. Kh4 Ke7 38. Kxh5 Ke6 39. Kg4 Kxe5 40. Bd3
Bd2 1/2-1/2

[Event "TCh-GEO Club 2014"]
[Site "Ureki GEO"]
[Date "2014.09.29"]
[Round "3.2"]
[White "Jobava, Baadur"]
[Black "Morchiashvili, Bachana"]
[Result "1-0"]
[WhiteTitle "GM"]
[BlackTitle "IM"]
[WhiteElo "2708"]
[BlackElo "2327"]
[WhiteTeam "Chess Club Tbilisi"]
[BlackTeam "Chess Club Gori"]
[WhiteFideId "13601520"]
[BlackFideId "13602535"]
[EventDate "2014.09.27"]

1. b3 Nf6 2. Bb2 e6 3. e3 b6 4. Nc3 Bb7 5. d4 c5 6. Nge2 a6 7. Qd2 cxd4 8. exd4
d5 9. f3 Bd6 10. O-O-O Nbd7 11. Kb1 b5 12. Nc1 Qc7 13. Nd3 O-O 14. h4 Nb6 15. a3
Rfc8 16. h5 Bc6 17. g4 a5 18. g5 Nfd7 19. g6 fxg6 20. hxg6 hxg6 21. Nc5 Nxc5 22.
dxc5 Bxc5 23. Nxb5 Bxb5 24. Bxb5 Bd6 25. Qg2 Qf7 26. Bd3 1-0

[Event "TCh-GEO Club 2014"]
[Site "Ureki GEO"]
[Date "2014.09.29"]
[Round "3.2"]
[White "Khakhutashvili, Alexandre"]
[Black "Mchedlishvili, Mikheil"]
[Result "0-1"]
[BlackTitle "GM"]
[WhiteElo "1809"]
[BlackElo "2603"]
[WhiteTeam "Chess Club Gori"]
[BlackTeam "Chess Club Tbilisi"]
[WhiteFideId "13605313"]
[BlackFideId "13600966"]
[EventDate "2014.09.27"]

1. e4 c5 2. Nf3 e6 3. d4 cxd4 4. Nxd4 a6 5. c4 Nf6 6. Nc3 Qc7 7. Bd3 d6 8. O-O
Nbd7 9. Be3 Be7 10. Rc1 O-O 11. b3 b6 12. f3 Bb7 13. Bb1 Rac8 14. Qd2 Rfe8 15.
Kh1 Qb8 16. Rfd1 Bd8 17. Qf2 Bc7 18. Nde2 Ba8 19. Rd2 Ne5 20. Rcd1 Nfd7 21. h3
Ng6 22. f4 Nf6 23. Kg1 b5 24. cxb5 axb5 25. b4 e5 26. f5 Nf4 27. Nxf4 exf4 28.
Ba7 Qb7 29. Bd4 Bd8 30. Bd3 Qb8 31. Re1 Bc6 32. Qxf4 Bb6 33. Qf2 Bxd4 34. Qxd4
Re5 35. Rde2 Rce8 36. Kh1 Qd8 37. Kh2 h5 38. Bc2 h4 39. Rd1 d5 40. Red2 Qb8 41.
Kh1 dxe4 42. Re2 Nh5 43. Kg1 Ng3 44. Ree1 Nxf5 45. Qf2 g6 46. Qf4 Qa7+ 47. Kh2
Qe7 48. a3 Kg7 49. Bb3 e3 50. Bd5 Qb7 51. Bxc6 Qxc6 52. Rc1 Qe6 53. a4 bxa4 54.
b5 a3 55. Qb4 Qe7 56. Qb3 Qd6 57. Rcd1 Rd5+ 58. Kg1 Rxd1 59. Rxd1 Qc5 60. Ne2
Ng3 61. Re1 Nxe2+ 62. Rxe2 Rb8 63. Rxe3 Re8 64. Qc3+ Qxc3 65. Rxc3 Re1+ 0-1

[Event "TCh-GEO Club 2014"]
[Site "Ureki GEO"]
[Date "2014.09.29"]
[Round "3.2"]
[White "Shanava, Konstantine"]
[Black "Dotiashvili, Vasil"]
[Result "1-0"]
[WhiteTitle "GM"]
[WhiteElo "2550"]
[BlackElo "1800"]
[WhiteTeam "Chess Club Tbilisi"]
[BlackTeam "Chess Club Gori"]
[WhiteFideId "13601784"]
[BlackFideId "13606085"]
[EventDate "2014.09.27"]

1. e4 e5 2. Nc3 Nf6 3. Bc4 Nc6 4. d3 Bc5 5. f4 d6 6. f5 Na5 7. Bg5 c6 8. Qe2 b5
9. Bb3 Nxb3 10. axb3 a5 11. Nf3 h6 12. Bh4 g6 13. fxg6 fxg6 14. d4 Bxd4 15. Nxd4
exd4 16. e5 Bg4 17. Bxf6 Bxe2 18. Bxd8 dxc3 19. Bf6 cxb2 20. Rb1 O-O 21. Kxe2
dxe5 22. Be7 Rf7 23. Bc5 a4 24. Rxb2 axb3 25. cxb3 1-0

[Event "TCh-GEO Club 2014"]
[Site "Ureki GEO"]
[Date "2014.09.29"]
[Round "3.2"]
[White "Kasoshvili, Tsiala"]
[Black "Gvetadze, Sofio"]
[Result "0-1"]
[WhiteTitle "WIM"]
[BlackTitle "IM"]
[WhiteElo "2161"]
[BlackElo "2361"]
[WhiteTeam "Chess Club Gori"]
[BlackTeam "Chess Club Tbilisi"]
[WhiteFideId "13600354"]
[BlackFideId "13601440"]
[EventDate "2014.09.27"]

1. d4 Nf6 2. Nf3 c5 3. c4 e6 4. g3 d5 5. Bg2 Nc6 6. cxd5 exd5 7. Nc3 Be7 8. O-O
O-O 9. dxc5 Bxc5 10. Bg5 d4 11. Ne4 Be7 12. Nxf6+ Bxf6 13. Bxf6 Qxf6 14. Qb3 Re8
15. Rfe1 Bg4 16. Rad1 Re7 17. Rd2 Rae8 18. a3 h6 19. Qd5 Rd7 20. Qb3 Be6 21. Qa4
Red8 22. Red1 Bd5 23. Bh3 Be6 24. Bg2 a6 25. Ne1 Bd5 26. Bxd5 Rxd5 27. Qb3 R8d7
28. Nd3 h5 29. Nf4 Rb5 30. Qf3 g6 31. Kg2 Kg7 32. e3 Rb3 33. Qe2 Rb5 34. Qc4 Ne5
35. Qc8 Rd8 36. Qc7 Rd7 37. Qc2 d3 38. Qc3 Kh7 39. h4 Rb6 40. f3 Rc6 41. Qb3 Rc5
42. e4 Rdc7 43. Rf2 Rb5 44. Qa4 Nc4 45. e5 Qxe5 46. Nxd3 Qd4 47. Kh2 Rd7 48. Re2
Rbd5 49. Nf2 Qc5 50. Qxd7 Rxd7 51. Rxd7 Ne5 52. Rxb7 Nxf3+ 53. Kg2 Qd5 54. Ree7
Nxh4+ 55. Kf1 Qg2+ 56. Ke2 Nf5 57. Rxf7+ Kh6 58. Rh7+ Kg5 59. Rbd7 Nxg3+ 60. Ke3
Nf5+ 61. Ke2 Kf4 62. Rhf7 Qf3+ 63. Kf1 Kg3 64. Rd3 Ne3+ 65. Ke1 Qxf7 66. Rxe3+
Kf4 67. Rc3 Kg5 68. Ke2 Qe6+ 69. Kf1 h4 70. b4 Kh5 71. Rd3 g5 72. Kg2 Qe5 73.
Rd7 Qg3+ 74. Kf1 Qxa3 75. Rh7+ Kg6 76. Rb7 Qc1+ 77. Ke2 Qc4+ 78. Ke1 g4 0-1

[Event "TCh-GEO Club 2014"]
[Site "Ureki GEO"]
[Date "2014.09.29"]
[Round "3.2"]
[White "Khomeriki, Nino"]
[Black "Licheli, Luka"]
[Result "1-0"]
[WhiteTitle "WFM"]
[WhiteElo "2158"]
[BlackElo "1925"]
[WhiteTeam "Chess Club Tbilisi"]
[BlackTeam "Chess Club Gori"]
[WhiteFideId "13603191"]
[BlackFideId "13602500"]
[EventDate "2014.09.27"]

1. Nf3 Nf6 2. g3 b6 3. Bg2 Bb7 4. d3 c5 5. O-O g6 6. e4 d6 7. Nbd2 e5 8. Nh4
Nfd7 9. Nc4 b5 10. Ne3 Bg7 11. c3 Bf6 12. Nf3 O-O 13. Ng4 Bg7 14. h4 Nf6 15. Bg5
Bc8 16. Nfh2 h5 17. Ne3 Qb6 18. g4 hxg4 19. Nhxg4 Nxg4 20. Nxg4 f6 21. Be3 Be6
22. Qf3 Nd7 23. Qg3 Kh7 24. f4 exf4 25. Bxf4 Ne5 26. Nf2 Rad8 27. Rad1 Bxa2 28.
d4 Nf7 29. Bh3 Bc4 30. Rfe1 cxd4 31. cxd4 Nh6 32. d5 b4 33. Kh1 Bb5 34. Rg1 Be8
35. Be6 f5 36. h5 Rf6 37. exf5 Rxe6 38. fxe6 Nf5 39. hxg6+ Kg8 40. Qh2 Rc8 41.
Ne4 Rc4 42. Bxd6 Bxg6 43. Nf6+ Bxf6 44. Rxg6+ Bg7 45. Rdg1 Qe3 46. Qg2 Rh4+ 47.
Bh2 Qe5 48. d6 Kh7 49. Rxg7+ Nxg7 50. Qxg7+ 1-0

[Event "TCh-GEO Club 2014"]
[Site "Ureki GEO"]
[Date "2014.09.29"]
[Round "3.3"]
[White "Fier, Alexandr"]
[Black "Chachua, Gocha"]
[Result "1-0"]
[WhiteTitle "GM"]
[WhiteElo "2579"]
[BlackElo "1931"]
[WhiteTeam "Chess Club Kakheti"]
[BlackTeam "Chess Club Samegrelo"]
[WhiteFideId "2107139"]
[BlackFideId "13610082"]
[EventDate "2014.09.27"]

1. d4 Nf6 2. c4 e6 3. Nc3 Bb4 4. e3 c5 5. Ne2 O-O 6. a3 Bxc3+ 7. Nxc3 d6 8. Be2
Nc6 9. O-O e5 10. dxc5 dxc5 11. Nd5 e4 12. b4 Be6 13. bxc5 Nxd5 14. cxd5 Bxd5
15. Bb2 f6 16. Qc2 Qe7 17. Rfd1 Bf7 18. Rd6 Rac8 19. Rad1 Rc7 20. Bg4 Nb8 21.
Bf5 Bg6 22. Bxg6 hxg6 23. Qc4+ Kh7 24. R1d4 Re8 25. f3 f5 26. fxe4 fxe4 27. R4d5
Qf7 28. Qe2 Nd7 29. h4 Nf6 30. Bxf6 gxf6 31. h5 gxh5 32. Rxh5+ Kg7 33. Rf5 Rc6
34. Qg4+ Kf8 35. Rh5 Qg7 36. Qh3 Rxd6 37. Rh8+ Qxh8 38. Qxh8+ Kf7 39. Qh5+ Ke7
40. cxd6+ 1-0

[Event "TCh-GEO Club 2014"]
[Site "Ureki GEO"]
[Date "2014.09.29"]
[Round "3.3"]
[White "Gamzardia, Giorgi"]
[Black "Gagunashvili, Merab"]
[Result "0-1"]
[WhiteTitle "FM"]
[BlackTitle "GM"]
[WhiteElo "2104"]
[BlackElo "2573"]
[WhiteTeam "Chess Club Samegrelo"]
[BlackTeam "Chess Club Kakheti"]
[WhiteFideId "13603388"]
[BlackFideId "13601652"]
[EventDate "2014.09.27"]

1. Nf3 d6 2. d4 Bg4 3. e3 Nd7 4. Be2 Ngf6 5. b3 e5 6. O-O c6 7. dxe5 dxe5 8. Bb2
Qc7 9. Nbd2 Rd8 10. h3 Bf5 11. Qc1 Be7 12. Nc4 e4 13. Nfe5 Nc5 14. a4 O-O 15. a5
Rd5 16. Bd4 Ne6 17. Qb2 Nxd4 18. exd4 Be6 19. b4 Rdd8 20. Ne3 Nd5 21. Nxd5 cxd5
22. c4 f6 23. Ng4 dxc4 24. Rac1 Kh8 25. Ne3 Qd7 26. Bxc4 Bxc4 27. Rxc4 f5 28.
Rfc1 Bd6 29. d5 Rde8 30. Qd4 f4 31. Nf1 f3 32. Nd2 fxg2 33. Kxg2 Qf5 34. Qe3 Bf4
35. Qe2 Qg5+ 0-1

[Event "TCh-GEO Club 2014"]
[Site "Ureki GEO"]
[Date "2014.09.29"]
[Round "3.3"]
[White "Khotenashvili, Bela"]
[Black "Patsia, Zviad"]
[Result "0-1"]
[WhiteTitle "GM"]
[WhiteElo "2507"]
[BlackElo "2119"]
[WhiteTeam "Chess Club Kakheti"]
[BlackTeam "Chess Club Samegrelo"]
[WhiteFideId "13602640"]
[BlackFideId "13603485"]
[EventDate "2014.09.27"]

1. d4 b5 2. e4 a6 3. Be3 Nf6 4. Nd2 e6 5. Bd3 Be7 6. h3 Bb7 7. c3 d6 8. a4 Nbd7
9. Ne2 O-O 10. Ng3 Bc6 11. Nb3 bxa4 12. Na5 Bb5 13. c4 c5 14. Bd2 Qb6 15. O-O
cxd4 16. cxb5 axb5 17. b4 Ne5 18. Qe2 Nxd3 19. Qxd3 Rfc8 20. Rac1 Nd7 21. f4 Bf8
22. Kh1 Nf6 23. Rc2 Rxc2 24. Qxc2 e5 25. fxe5 dxe5 26. Rc1 Qe6 27. Qc6 Qxc6 28.
Nxc6 Nd7 29. Ne2 f6 30. Na5 Nb6 31. Rc6 Rc8 32. Rxc8 Nxc8 33. Nb7 Nb6 34. Nc1
Nc4 35. Be1 a3 36. Kg1 a2 37. Nxa2 d3 38. Kf2 d2 39. Bxd2 Nxd2 40. Ke3 Nb3 41.
Nc3 Nd4 42. Nd5 Kf7 43. Kd3 Ke6 44. Nc5+ Bxc5 45. bxc5 f5 46. c6 Nxc6 47. Nc7+
Kf6 48. Nxb5 f4 49. Nc7 Nd4 50. Kd2 Kg5 51. Ke1 Kh4 52. Kf2 Nb3 53. Ne6 g5 54.
Ng7 Nd2 55. Nf5+ Kh5 56. Nd6 g4 57. hxg4+ Kxg4 58. Ke2 f3+ 59. gxf3+ Nxf3 60.
Ne8 h5 61. Kf2 h4 62. Nf6+ Kf4 63. Kg2 Ng5 64. Kh2 Nxe4 65. Nd5+ Kg5 66. Ne3 Nd6
67. Kg2 Nf5 68. Nd5 Kg4 69. Nf6+ Kf4 70. Nd5+ Ke4 71. Nf6+ Ke3 72. Ng4+ Kf4 73.
Nf2 e4 74. Nh3+ Ke3 75. Ng5 Kd3 76. Nh3 e3 77. Kf3 Kd2 78. Nf4 h3 0-1